BCIS quarterly review of building prices. - No. 53 (March 1994) - No. 56 (December 1994) (Record no. 92381)

MARC details
000 -LEADER
fixed length control field 00829cam a2200217 4500
001 - CONTROL NUMBER
control field J2357
008 - FIXED-LENGTH DATA ELEMENTS--GENERAL INFORMATION
fixed length control field 090401t1994 xxu||||| |||| 00| 0 eng d
035 ## - SYSTEM CONTROL NUMBER
System control number (Sirsi) u48645
041 ## - LANGUAGE CODE
Language code of text/sound track or separate title eng
050 ## - LIBRARY OF CONGRESS CALL NUMBER
Classification number 692.5
110 ## - MAIN ENTRY--CORPORATE NAME
Corporate name or jurisdiction name as entry element Building Cost Information Service
9 (RLIN) 1096
245 ## - TITLE STATEMENT
Title BCIS quarterly review of building prices. - No. 53 (March 1994) - No. 56 (December 1994)
260 ## - PUBLICATION, DISTRIBUTION, ETC.
Place of publication, distribution, etc. Kingston upon Thames
Name of publisher, distributor, etc. Building Cost Information Service
Date of publication, distribution, etc. 1994
300 ## - PHYSICAL DESCRIPTION
Extent 4 pt. ; 30cm.
350 ## - PRICE (NR) (BK AM CF MU VM SE) [OBSOLETE]
Price 0
520 ## - SUMMARY, ETC.
Summary, etc. This item is part of a subscription service and cannot be photocopied. Neither can any part of it be read out over the phone. Please contact BCIS direct on 0171-222-70000 for details.
650 ## - SUBJECT ADDED ENTRY--TOPICAL TERM
Topical term or geographic name entry element BUILT ENVIRONMENT-BUILDING COSTS
690 ## - LOCAL SUBJECT ADDED ENTRY--TOPICAL TERM (OCLC, RLIN)
Topical term or geographic name as entry element BUILT ENVIRONMENT-BUILDING COSTS
942 ## - ADDED ENTRY ELEMENTS (KOHA)
Suppress in OPAC 0
948 ## - LOCAL PROCESSING INFORMATION (OCLC); SERIES PART DESIGNATOR (RLIN)
c (OCLC) 04/03/1997
Holdings
Withdrawn status Lost status Source of classification or shelving scheme Damaged status Not for loan Home library Current library Shelving location Date acquired Total Checkouts Full call number Barcode Date last seen Copy number Price effective from Koha item type
    Dewey Decimal Classification     London London Enquiry desk 08/06/1994   ENQUIRY DESK 30041760 06/08/2019 1 06/08/2019 Reference material
    Dewey Decimal Classification     London London Enquiry desk 11/07/1994   ENQUIRY DESK 30041994 06/08/2019 2 06/08/2019 Reference material
    Dewey Decimal Classification     London London Enquiry desk 18/10/1994   ENQUIRY DESK 30042799 06/08/2019 3 06/08/2019 Reference material
    Dewey Decimal Classification     London London Enquiry desk 06/01/1995   ENQUIRY DESK 30044576 06/08/2019 4 06/08/2019 Reference material